Suomen kunnat, joissa on eniten ruotsinkielisiä - Statistics

Yleistilastot
  • Tätä visaa on pelattu 1 051 kertaa
    1 007 viimeisimmän päivityksen jälkeen
  • Keskiarvotulos 13 / 20
Vastaustilastot
Lukumäärä % Kunta % Oikein
16 017 23,2 % Vaasa
95%
36 844 5,5 % Helsinki
94%
10 981 5,4 % Turku
93%
20 199 6,4 % Espoo
88%
5 386 2,2 % Vantaa
84%
9 627 81,5 % Maarianhamina
77%
5 816 12,0 % Kokkola
76%
14 281 27,8 % Porvoo
73%
10 535 54,1 % Pietarsaari
72%
7 120 74,0 % Närpiö
59%
17 311 63,6 % Raasepori
57%
6 099 14,8 % Kirkkonummi
56%
6 348 28,1 % Sipoo
56%
5 641 39,0 % Loviisa
55%
6 278 83,7 % Uusikaarlepyy
54%
5 091 80,9 % Vöyri
53%
13 470 68,2 % Mustasaari
48%
9 924 88,4 % Pedersöre
46%
8 114 54,1 % Parainen
45%
5 347 91,5 % Luoto
33%
Ehtoja vastaavia visoja ei löytynyt
Tulosjakauma
Jokaisen tuloksen saaneiden osuus
Persentiili vastausten määrän mukaan
Tuloshistoriasi
Et ole pelannut tätä visaa sen viimeisimmän päivityksen jälkeen